| 000 | 00461nam a2200169Ia 4500 | ||
|---|---|---|---|
| 003 | LK-CoDNM | ||
| 008 | 010623t xxu||||| |||| 00| 1 sin d | ||
| 040 |
_aLK-CoDNM _dLK-CoDNM _eLK-CoDNM |
||
| 041 | _asin | ||
| 080 | _a294.3 JAY | ||
| 100 | _aJayewardhana,Ariyadasa | ||
| 245 | _aසිල් සමාදන් වී කිව් බණ කථා | ||
| 246 | _aSil Samadan wee Kiv Bana Katha | ||
| 260 |
_bS.n. _aS.I. |
||
| 300 | _b33, 21 cm | ||
| 942 | _cBK | ||
| 999 |
_c142119 _d142119 |
||